| 000 -ლიდერი |
| ფიქსირებული სიგრძის საკონტროლო ველი |
01485nam a2200241Ia 4500 |
| 001 - საკონტროლო ნომერი |
| საკონტროლო ველი |
22989 |
| 003 - საკონტროლო ნომრის იდენტიფიკატორი |
| საკონტროლო ველი |
GE_BSU |
| 005 - ბოლო ოპერაციის თარიღი და დრო |
| საკონტროლო ველი |
20230614165132.0 |
| 008 - ფიქსირებული სიგრძის მონაცემთა ელემენტები - ზოგადი ინფორმაცია |
| ფიქსირებული სიგრძის საკონტროლო ველი |
181216s ||||ge |||||||||||||| ||geo|| |
| 040 ## - კატალოგიზაციის წყარო |
| Transcribing agency |
GE_BSU |
| 041 ## - ენის კოდი |
| Language code of text/sound track or separate title |
geo |
| 080 ## - უნივერსალური ათობითი კლასიფიკაციის ინდექსი |
| Universal Decimal Classification number |
821.353.1(აგიოგრ.) ძ-49 |
| 245 ## - ცნობა სათაურის შესახებ |
| Title |
ძველი ქართული აგიოგრაფიული ლიტერატურის ძეგლები. წ. 2 : XI-XV სს. / |
| Statement of responsibility, etc |
დასაბეჭდად მოამზადეს : ილ. აბულაძემ, ნ. ათანელიშვილმა, ნ. გოგუაძემ, მ. დოლაქიძემ, ც. ქურციკიძემ, ც. ჭანკიევმა და ც. ჯღამაძემ ; ი. აბულაძის ხელმძღვ. და რედ. |
| 264 ## - წარმოების, გამოცემის, დისტრიბუციის და სხვა ცნობები |
| გამოცემის, წარმოების, დისტრიბუციის... ადგილი |
თბილისი : |
| გამოცემის, წარმოების, დისტრიბუციის... სახელწოდება |
[?], |
| გამოცემის, წარმოების, დისტრიბუციის... თარიღი |
1967. |
| 300 ## - ფიზიკური აღწერა |
| Extent |
264 გვ. ; |
| Dimensions |
26 სმ. |
| 500 ## - ზოგადი შენიშვნა |
| General note |
პარალ. სათ. რუს. ენაზე |
| 520 ## - SUMMARY, ETC. |
| Summary, etc |
პარალ. სათ. რუს. ენ. |
| 653 ## - INDEX TERM--UNCONTROLLED |
| Uncontrolled term |
ქართული ხელნაწერები |
| 653 ## - INDEX TERM--UNCONTROLLED |
| Uncontrolled term |
ძველი ქართული აგიოგრაფიული ლიტერატურის ძეგლები. წ. 2 XI-XV სს. |
| 710 ## - ADDED ENTRY--CORPORATE NAME |
| Corporate name or jurisdiction name as entry element |
საქართველოს სსრ მეცნიერებათა აკადემია |
| 9 (RLIN) |
18717 |
| 942 ## - ADDED ENTRY ELEMENTS (KOHA) |
| Koha item type |
წიგნი |
| Source of classification or shelving scheme |
|